<?xml version="1.0" encoding="UTF-8"?>
<record
    xmlns:xsi="http://www.w3.org/2001/XMLSchema-instance"
    xsi:schemaLocation="http://www.loc.gov/MARC21/slim http://www.loc.gov/standards/marcxml/schema/MARC21slim.xsd"
    xmlns="http://www.loc.gov/MARC21/slim">

  <leader>03509nam a2200301Ia 4500</leader>
  <controlfield tag="005">20250223033127.0</controlfield>
  <controlfield tag="008">  231030s9999    xx            000 0 und d</controlfield>
  <datafield tag="049" ind1=" " ind2=" ">
    <subfield code="a">Deposit</subfield>
  </datafield>
  <datafield tag="082" ind1=" " ind2=" ">
    <subfield code="a">618.92</subfield>
  </datafield>
  <datafield tag="097" ind1=" " ind2=" ">
    <subfield code="a">M.Sc</subfield>
  </datafield>
  <datafield tag="099" ind1=" " ind2=" ">
    <subfield code="a">Cai01.21.06.M.Sc.2022.Ma.E.</subfield>
  </datafield>
  <datafield tag="100" ind1=" " ind2=" ">
    <subfield code="a">BY Mahmoud mohamed abd elghan,</subfield>
  </datafield>
  <datafield tag="245" ind1=" " ind2=" ">
    <subfield code="a">Effect of baclofen phonophoresis onspasticity in gastrocnemius musclein children with spastic diplegi /</subfield>
    <subfield code="c">Mahmoud mohamed abd elghan &#x61B;Prof. Gehan Hassan El-Meniawy&#x60C;Prof. Mohamed Ahmed ElNabarawi&#x60C;Dr. Heba Gaber Abd El Aziz.</subfield>
  </datafield>
  <datafield tag="246" ind1=" " ind2=" ">
    <subfield code="a">&#x62A;&#x623;&#x62B;&#x64A;&#x631; &#x627;&#x633;&#x62A;&#x62E;&#x62F;&#x627;&#x645; &#x645;&#x627;&#x62F;&#x629; &#x627;&#x644;&#x628;&#x643;&#x644;&#x648;&#x641;&#x64A;&#x646; &#x628;&#x627;&#x644;&#x62A;&#x623;&#x64A;&#x646; &#x628;&#x627;&#x644;&#x645;&#x648;&#x62C;&#x627;&#x62A; &#x641;&#x648;&#x642; &#x627;&#x644;&#x635;&#x648;&#x62A;&#x64A;&#x647; &#x639;&#x644;&#x649; &#x627;&#x644;&#x62A;&#x634;&#x646;&#x62C; &#x641;&#x649; &#x639;&#x636;&#x644;&#x629; &#x627;&#x644;&#x633;&#x627;&#x642; &#x639;&#x646;&#x62F; &#x627;&#x644;&#x627;&#x637;&#x641;&#x627;&#x644; &#x627;&#x644;&#x645;&#x635;&#x627;&#x628;&#x64A;&#x646; &#x628;&#x627;&#x644;&#x634;&#x644;&#x644; &#x627;&#x644;&#x62F;&#x645;&#x627;&#x63A;&#x649; &#x627;&#x644;&#x62A;&#x642;&#x644;&#x635;&#x649; &#x627;&#x644;&#x645;&#x632;&#x62F;&#x648;&#x62C;.</subfield>
  </datafield>
  <datafield tag="260" ind1=" " ind2=" ">
    <subfield code="c">2022.</subfield>
  </datafield>
  <datafield tag="502" ind1=" " ind2=" ">
    <subfield code="a">Thesis (M.Sc.)-Cairo University,2022. .</subfield>
  </datafield>
  <datafield tag="504" ind1=" " ind2=" ">
    <subfield code="a">Bibliography: p. 88-105.</subfield>
  </datafield>
  <datafield tag="520" ind1=" " ind2=" ">
    <subfield code="a">&#x627;&#x644;&#x62E;&#x644;&#x641;&#x64A;&#x629; &#x648;&#x627;&#x644;&#x63A;&#x631;&#x636;: &#x627;&#x644;&#x623;&#x637;&#x641;&#x627;&#x644; &#x627;&#x644;&#x645;&#x635;&#x627;&#x628;&#x648;&#x646; &#x628;&#x627;&#x644;&#x634;&#x644;&#x644; &#x627;&#x644;&#x62F;&#x645;&#x627;&#x63A;&#x649; &#x627;&#x644;&#x62A;&#x642;&#x644;&#x635;&#x64A; &#x627;&#x644;&#x645;&#x632;&#x62F;&#x648;&#x62C; &#x64A;&#x639;&#x627;&#x646;&#x648;&#x646; &#x645;&#x646; &#x645;&#x634;&#x627;&#x643;&#x644; &#x641;&#x64A; &#x627;&#x644;&#x62D;&#x631;&#x643;&#x629; &#x648;&#x627;&#x644;&#x627;&#x62A;&#x632;&#x627;&#x646; &#x648;&#x627;&#x644;&#x633;&#x642;&#x648;&#x637; &#x627;&#x644;&#x645;&#x62A;&#x643;&#x631;&#x631; &#x623;&#x62B;&#x646;&#x627;&#x621; &#x627;&#x644;&#x62D;&#x631;&#x643;&#x629; &#x648;&#x628;&#x639;&#x636;&#x647;&#x645; &#x64A;&#x639;&#x627;&#x646;&#x64A; &#x645;&#x646; &#x639;&#x62F;&#x645; &#x627;&#x644;&#x642;&#x62F;&#x631;&#x629; &#x639;&#x644;&#x64A; &#x627;&#x644;&#x648;&#x642;&#x648;&#x641;. &#x627;&#x644;&#x647;&#x62F;&#x641;: &#x635;&#x645;&#x645;&#x62A; &#x647;&#x630;&#x647; &#x627;&#x644;&#x631;&#x633;&#x627;&#x644;&#x629; &#x644;&#x645;&#x639;&#x631;&#x641;&#x647; &#x62A;&#x623;&#x62B;&#x64A;&#x631; &#x627;&#x633;&#x62A;&#x62E;&#x62F;&#x627;&#x645; &#x645;&#x627;&#x62F;&#x647; &#x627;&#x644;&#x628;&#x643;&#x644;&#x648;&#x641;&#x64A;&#x646; &#x639;&#x646; &#x637;&#x631;&#x64A;&#x642; &#x627;&#x644;&#x645;&#x648;&#x62C;&#x627;&#x62A; &#x641;&#x648;&#x642; &#x627;&#x644;&#x635;&#x648;&#x62A;&#x64A;&#x647; &#x639;&#x644;&#x64A; &#x627;&#x644;&#x62A;&#x634;&#x646;&#x62C; &#x641;&#x64A; &#x639;&#x636;&#x644;&#x647; &#x627;&#x644;&#x633;&#x627;&#x642; &#x641;&#x64A; &#x627;&#x644;&#x623;&#x637;&#x641;&#x627;&#x644; &#x627;&#x644;&#x645;&#x635;&#x627;&#x628;&#x64A;&#x646; &#x628;&#x627;&#x644;&#x634;&#x644;&#x644; &#x627;&#x644;&#x645;&#x62E;&#x64A; &#x627;&#x644;&#x62A;&#x642;&#x644;&#x635;&#x64A; &#x627;&#x644;&#x645;&#x632;&#x62F;&#x648;&#x62C;. &#x627;&#x644;&#x637;&#x631;&#x64A;&#x642;&#x629;: &#x634;&#x627;&#x631;&#x643; &#x641;&#x64A; &#x647;&#x630;&#x647; &#x627;&#x644;&#x631;&#x633;&#x627;&#x644;&#x647; 40 &#x637;&#x641;&#x644;&#x627; &#x645;&#x635;&#x627;&#x628;&#x64A;&#x646; &#x628;&#x627;&#x644;&#x634;&#x644;&#x644; &#x627;&#x644;&#x645;&#x62E;&#x64A; &#x627;&#x644;&#x62A;&#x642;&#x644;&#x635;&#x64A; &#x627;&#x644;&#x645;&#x632;&#x62F;&#x648;&#x62C; &#x645;&#x645;&#x646; &#x62A;&#x631;&#x627;&#x648;&#x62D;&#x62A; &#x627;&#x639;&#x645;&#x627;&#x631;&#x647;&#x645; &#x645;&#x646; 3 &#x627;&#x644;&#x64A; 6 &#x633;&#x646;&#x648;&#x627;&#x62A; &#x645;&#x646; &#x643;&#x644;&#x627; &#x627;&#x644;&#x62C;&#x646;&#x633;&#x64A;&#x646;. &#x62A;&#x645; &#x627;&#x62E;&#x62A;&#x64A;&#x627;&#x631;&#x647;&#x645; &#x645;&#x646; &#x642;&#x633;&#x645; &#x627;&#x644;&#x639;&#x644;&#x627;&#x62C; &#x627;&#x644;&#x637;&#x628;&#x64A;&#x639;&#x64A; &#x628;&#x645;&#x633;&#x62A;&#x634;&#x641;&#x64A; &#x643;&#x641;&#x631;&#x627;&#x644;&#x634;&#x64A;&#x62E; &#x627;&#x644;&#x639;&#x627;&#x645; .&#x62A;&#x645; &#x62A;&#x642;&#x633;&#x64A;&#x645;&#x647;&#x645; &#x639;&#x634;&#x648;&#x627;&#x626;&#x64A;&#x627;&#x64B; &#x627;&#x644;&#x64A; &#x645;&#x62C;&#x645;&#x648;&#x639;&#x62A;&#x64A;&#x646;: &#x627;&#x644;&#x645;&#x62C;&#x645;&#x648;&#x639;&#x647; &#x627;&#x644;&#x636;&#x627;&#x628;&#x637;&#x647; (&#x623;) &#x62A;&#x644;&#x642;&#x62A; &#x628;&#x631;&#x646;&#x627;&#x645;&#x62C; &#x639;&#x644;&#x627;&#x62C; &#x637;&#x628;&#x64A;&#x639;&#x64A; &#x645;&#x635;&#x645;&#x645; &#x644;&#x645;&#x62F;&#x629; &#x633;&#x627;&#x639;&#x647; &#x628;&#x648;&#x627;&#x642;&#x639; &#x62B;&#x644;&#x627;&#x62B; &#x62C;&#x644;&#x633;&#x627;&#x62A; &#x627;&#x633;&#x628;&#x648;&#x639;&#x64A;&#x627; &#x644;&#x645;&#x62F;&#x629; 12 &#x627;&#x633;&#x628;&#x648;&#x639; &#x648;&#x645;&#x62C;&#x645;&#x648;&#x639;&#x629; &#x627;&#x644;&#x62F;&#x631;&#x627;&#x633;&#x629; (&#x628;) &#x62A;&#x644;&#x642;&#x62A; &#x645;&#x627;&#x62F;&#x629; &#x627;&#x644;&#x628;&#x643;&#x644;&#x648;&#x641;&#x64A;&#x646; &#x639;&#x646; &#x637;&#x631;&#x64A;&#x642; &#x627;&#x644;&#x645;&#x648;&#x62C;&#x627;&#x62A; &#x641;&#x648;&#x642; &#x627;&#x644;&#x635;&#x648;&#x62A;&#x64A;&#x647; &#x644;&#x645;&#x62F;&#x647; 10 &#x62F;&#x642;&#x627;&#x626;&#x642; &#x639;&#x644;&#x64A; &#x639;&#x636;&#x644;&#x629; &#x627;&#x644;&#x633;&#x627;&#x642; &#x62B;&#x644;&#x627;&#x62B; &#x645;&#x631;&#x627;&#x62A; &#x641;&#x64A; &#x627;&#x644;&#x627;&#x633;&#x628;&#x648;&#x639; &#x644;&#x645;&#x62F;&#x629; 12 &#x627;&#x633;&#x628;&#x648;&#x639; &#x642;&#x628;&#x644; &#x628;&#x631;&#x646;&#x627;&#x645;&#x62C; &#x627;&#x644;&#x639;&#x644;&#x627;&#x62C; &#x627;&#x644;&#x637;&#x628;&#x64A;&#x639;&#x64A; &#x627;&#x644;&#x645;&#x635;&#x645;&#x645;. &#x627;&#x644;&#x646;&#x62A;&#x627;&#x626;&#x62C;: &#x627;&#x638;&#x647;&#x631;&#x62A; &#x627;&#x644;&#x646;&#x62A;&#x627;&#x626;&#x62C; &#x639;&#x62F;&#x645; &#x648;&#x62C;&#x648;&#x62F; &#x641;&#x631;&#x648;&#x642; &#x630;&#x627;&#x62A; &#x62F;&#x644;&#x627;&#x644;&#x647; &#x627;&#x62D;&#x635;&#x627;&#x626;&#x64A;&#x647; &#x628;&#x64A;&#x646; &#x627;&#x644;&#x645;&#x62C;&#x645;&#x648;&#x639;&#x62A;&#x64A;&#x646; &#x641;&#x64A; &#x62C;&#x645;&#x64A;&#x639; &#x627;&#x644;&#x645;&#x62A;&#x63A;&#x64A;&#x631;&#x627;&#x62A; &#x627;&#x644;&#x645;&#x642;&#x627;&#x633;&#x647;. &#x643;&#x645;&#x627; &#x627;&#x638;&#x647;&#x631;&#x62A; &#x627;&#x644;&#x646;&#x62A;&#x627;&#x626;&#x62C; &#x639;&#x646;&#x62F; &#x645;&#x642;&#x627;&#x631;&#x646;&#x647; &#x642;&#x628;&#x644; &#x648;&#x628;&#x639;&#x62F; &#x627;&#x644;&#x639;&#x644;&#x627;&#x62C; &#x648;&#x62C;&#x648;&#x62F; &#x62A;&#x62D;&#x633;&#x646; &#x630;&#x648; &#x62F;&#x644;&#x627;&#x644;&#x647; &#x627;&#x62D;&#x635;&#x627;&#x626;&#x64A;&#x647; &#x641;&#x64A; &#x627;&#x644;&#x648;&#x642;&#x648;&#x641; &#x641;&#x64A; &#x643;&#x644;&#x627; &#x627;&#x644;&#x645;&#x62C;&#x645;&#x648;&#x639;&#x62A;&#x64A;&#x646;. &#x627;&#x644;&#x627;&#x633;&#x62A;&#x646;&#x62A;&#x627;&#x62C;: &#x62A;&#x634;&#x64A;&#x631; &#x646;&#x62A;&#x627;&#x626;&#x62C; &#x627;&#x644;&#x62F;&#x631;&#x627;&#x633;&#x647; &#x627;&#x644;&#x64A; &#x627;&#x646; &#x627;&#x633;&#x62A;&#x62E;&#x62F;&#x627;&#x645; &#x645;&#x627;&#x62F;&#x647; &#x627;&#x644;&#x628;&#x643;&#x644;&#x648;&#x641;&#x64A;&#x646; &#x639;&#x646; &#x637;&#x631;&#x64A;&#x642; &#x627;&#x644;&#x645;&#x648;&#x62C;&#x627;&#x62A; &#x641;&#x648;&#x642; &#x627;&#x644;&#x635;&#x648;&#x62A;&#x64A;&#x647; &#x64A;&#x633;&#x627;&#x639;&#x62F; &#x639;&#x644;&#x64A; &#x62A;&#x62D;&#x633;&#x64A;&#x646; &#x627;&#x644;&#x648;&#x642;&#x648;&#x641; &#x639;&#x646;&#x62F; &#x627;&#x644;&#x627;&#x637;&#x641;&#x627;&#x644; &#x627;&#x644;&#x645;&#x635;&#x627;&#x628;&#x64A;&#x646; &#x628;&#x627;&#x644;&#x634;&#x644;&#x644; &#x627;&#x644;&#x645;&#x62E;&#x64A; &#x627;&#x644;&#x62A;&#x642;&#x644;&#x635;&#x64A; &#x627;&#x644;&#x645;&#x632;&#x62F;&#x648;&#x62C;, &#x62D;&#x64A;&#x62B; &#x627;&#x646;&#x647; &#x639;&#x645;&#x644;&#x64A;&#x627; &#x64A;&#x642;&#x644;&#x644; &#x627;&#x644;&#x62A;&#x634;&#x646;&#x62C; &#x627;&#x644;&#x639;&#x636;&#x644;&#x64A; &#x641;&#x64A; &#x639;&#x636;&#x644;&#x647; &#x627;&#x644;&#x633;&#x627;&#x642; &#x648;&#x627;&#x644;&#x62A;&#x64A; &#x62A;&#x62D;&#x62A;&#x627;&#x62C; &#x627;&#x644;&#x64A; &#x645;&#x632;&#x64A;&#x62F; &#x645;&#x646; &#x627;&#x644;&#x62F;&#x631;&#x627;&#x633;&#x627;&#x62A;.</subfield>
  </datafield>
  <datafield tag="650" ind1=" " ind2=" ">
    <subfield code="a">Baclofen.</subfield>
  </datafield>
  <datafield tag="653" ind1=" " ind2=" ">
    <subfield code="a">Gastrocnemius</subfield>
  </datafield>
  <datafield tag="700" ind1=" " ind2=" ">
    <subfield code="a">Mohamed Ahmed ElNabarawi.</subfield>
  </datafield>
  <datafield tag="856" ind1=" " ind2=" ">
    <subfield code="u">http://172.23.153.220/th.pdf</subfield>
  </datafield>
  <datafield tag="905" ind1=" " ind2=" ">
    <subfield code="a">Mohamady</subfield>
  </datafield>
  <datafield tag="942" ind1=" " ind2=" ">
    <subfield code="c">TH</subfield>
    <subfield code="2">ddc</subfield>
  </datafield>
  <datafield tag="999" ind1=" " ind2=" ">
    <subfield code="c">164414</subfield>
    <subfield code="d">164414</subfield>
  </datafield>
  <datafield tag="336" ind1=" " ind2=" ">
    <subfield code="2">rda content</subfield>
    <subfield code="a">text</subfield>
  </datafield>
  <datafield tag="337" ind1=" " ind2=" ">
    <subfield code="2">rdamedia</subfield>
    <subfield code="a">Unmediated</subfield>
  </datafield>
  <datafield tag="338" ind1=" " ind2=" ">
    <subfield code="2">rdacarrier</subfield>
    <subfield code="a">volume</subfield>
  </datafield>
  <datafield tag="952" ind1=" " ind2=" ">
    <subfield code="2">ddc</subfield>
    <subfield code="7">0</subfield>
    <subfield code="a">CUCL</subfield>
    <subfield code="b">cl210</subfield>
    <subfield code="d">2024-02-11</subfield>
    <subfield code="o">Cai01.21.06.M.Sc.2022.Ma.E.</subfield>
    <subfield code="p">01010110086500000</subfield>
    <subfield code="r">2023-10-30 00:00:00</subfield>
    <subfield code="y">TH</subfield>
  </datafield>
</record>
